| 000 | 01301nam a22002897a 4500 | ||
|---|---|---|---|
| 003 | OSt | ||
| 005 | 20230516110527.0 | ||
| 008 | 230516b |||||||| |||| 00| 0 eng d | ||
| 040 | _cLado V | ||
| 082 |
_2708 _aK82f |
||
| 100 |
_9826 _aKontova, Helena _eeditora |
||
| 245 | _aFlashArt/ | ||
| 260 |
_aAustralia _aAustria _aBelgica _aCanada _aFrancia _aAlemania _aGran Bretaña _aHolanda _aItalia _aEspaña _aIrlanda _bGEA POLITI _c2004 |
||
| 300 |
_a128p. _c20.5x27.5cm |
||
| 490 |
_a237 _vXXXVII _x0394-1493 |
||
| 505 |
_aFlash Art News _tGazing at the New Europe Group Shows Theory Cityscape Helsinki New York, New York London Eye Aperto Poland Replay |
||
| 505 |
_aFeatures _tSophie von Hellermann The Wedding John Baldessari My Files of Movie Stills Political Minimalism Maurizio Cattelan Was will Europa Angeo Figus |
||
| 505 |
_aGlobal Art _rPavel Braila |
||
| 505 |
_aOuvertures _rHarrell Fletcher |
||
| 505 |
_aSpotlights _tLocalismos |
||
| 505 | _aFlash Art Reviews | ||
| 650 |
_2Tesauro de Arte & Arquitectura _aCATALOGO |
||
| 650 |
_2Tesauro de Arte & Arquitectura _aREVISTA |
||
| 650 |
_2Tesauro de Arte & Arquitectura _aARTE INTERNACIONAL |
||
| 650 |
_2Tesauro de Arte & Arquitectura _aCRITICA |
||
| 942 |
_2ddc _c1 _h708 _iK82f _n0 |
||
| 999 |
_c3568 _d3568 |
||